000 00444nam a2200193Ia 4500
005 20250326141539.0
008 250326s9999 xx 000 0 und d
037 _aTextbook
040 _aFMSL
_beng
_cFMSL
041 _aeng
_2eng
084 _qFMSL
100 _aNIL
245 0 _aCapital Market.
_cNIL
260 _aNIL
_bNIL
_c1989
300 _aNIL
490 _v4 / NO.12-17
942 _cTB
999 _c1290811
_d1290811